| 000 | 00813cam a22002054a 4500 | ||
|---|---|---|---|
| 005 | 20250605164333.0 | ||
| 008 | 250528s ||||||||||||||||||||||||d | ||
| 035 | _a23333 | ||
| 020 | _a340859334 | ||
| 040 |
_aGR-AtMCL _bgre _dGR-AtMCL _eAACR2 |
||
| 245 | 1 | _aAdvanced Psychology | |
| 250 | _a1st | ||
| 260 |
_bHodder & Stoughton, _c2003 |
||
| 300 | _a132 | ||
| 520 | _aThis book provides students and teachers of AQA(B) level psychology with a comprehensive accessible learning-oriented textbook.How to Use this Book, Acknowledgements, Definition and Classification of atypical behaviour, Anxiety and Eating Disorders, Mood Disorders and Schizophrenia, Treatment of atypical Behaviour, Glossary, Bibliography, Index. | ||
| 700 | 1 |
_aTurner Lynda _98904 |
|
| 942 | _cBK | ||
| 999 |
_c8359 _d8359 |
||